Toltecáyotl: aspectos de la cultura Nahuatl

I tiakina i:
Ngā taipitopito rārangi puna kōrero
Kaituhi matua: León-Portilla, Miguel (Author)
Hōputu: Pukapuka
Reo:Pāniora
I whakaputaina: Ciudad de México Fondo de Cultura Económica 1980
Rangatū:Sección de Obras de Antropología
Ngā marau:
Ngā Tūtohu: Tāpirihia he Tūtohu
Kāore He Tūtohu, Me noho koe te mea tuatahi ki te tūtohu i tēnei pūkete!

MARC

LEADER 00000cam a2200000 a 4500
001 UCH9273
003 CL-VaPUC
008 091231e19800000MX |||||||||||||||||spa|d
020 |a 9681605322 
082 0 4 |a 972.004  |b LEO  |2 21 
100 |a León-Portilla, Miguel  |e author  |9 603138 
245 1 0 |a Toltecáyotl: aspectos de la cultura Nahuatl 
300 |a 466 p 
942 |c BK 
945 |d 20091231 00:00:00  |a rbrito 
260 |a Ciudad de México  |b Fondo de Cultura Económica  |c 1980 
650 7 |a CULTURA NAHUATL  |2 CL-VaPUC  |9 449422 
650 7 |a HISTORIA MEXICANA  |2 CL-VaPUC  |9 333909 
650 0 |a Etnografía   |9 309735 
650 7 |a TOLTECAS  |2 CL-VaPUC  |9 546237 
583 |a last modification  |c 20111219 01:44:12  |k Rodrigo Vera 
490 0 |a Sección de Obras de Antropología 
999 |c 339288  |d 339286 
952 |0 0  |1 0  |4 0  |6 972_004000000000000_LEO_1980  |7 0  |8 R  |9 432844  |a BIBHIS  |b BIBHIS  |d 2019-11-22  |i 4629450  |o 972.004 LEO 1980  |p 4629450  |r 2024-01-30  |w 2019-11-22  |y BK_R  |k HIS 
952 |0 0  |1 0  |4 0  |6 972_004000000000000_LEO_1980  |7 0  |8 R  |9 432846  |a BIBHIS  |b BIBHIS  |d 2019-11-22  |i 4860748  |o 972.004 LEO 1980  |p 4860748  |r 2024-01-30  |w 2019-11-22  |y BK_R  |k HIS 
952 |0 0  |1 0  |3 erd  |4 0  |6 972_004000000000000_LEO_1980  |7 0  |8 R  |9 432847  |a BIBHIS  |b BIBHIS  |i 5353807  |o 972.004 LEO 1980  |p 5353807  |r 2024-01-30  |w 2019-11-22  |y BK_R  |z Catalogado en:20161201  |k HIS 
952 |0 0  |1 0  |3 erd  |4 0  |6 972_004000000000000_LEO_1980  |7 0  |8 R  |9 432848  |a BIBHIS  |b BIBHIS  |i 5353815  |o 972.004 LEO 1980  |p 5353815  |r 2024-01-30  |w 2019-11-22  |y BK_R  |z Catalogado en:20161201  |k HIS